Sports Quiz

Random Sports or World Quiz
Score 0/115 Timer 12:00
0 Plays Today
Year Manager % Correct
1996Joe Torre
94%
1998Joe Torre
94%
1999Joe Torre
94%
2000Joe Torre
94%
1989Tony La Russa
87.3%
2006Tony La Russa
87.3%
2009Joe Girardi
83.6%
2004Terry Francona
82.1%
2007Terry Francona
82.1%
2016Joe Maddon
81.4%
2014Bruce Bochy
80.1%
1995Bobby Cox
78.7%
2012 Bruce Bochy
78.6%
1977Billy Martin
73.1%
2018Alex Cora
73%
2005Ozzie Guillén
73%
1981Tom Lasorda
71%
1988Tom Lasorda
71%
2008Charlie Manuel
70%
1975Sparky Anderson
69.7%
1976Sparky Anderson
69.7%
1984Sparky Anderson
69.7%
2019Dave Martinez
68.3%
1949Casey Stengel
66.8%
1950Casey Stengel
66.8%
1951Casey Stengel
66.8%
1952Casey Stengel
66.8%
1953Casey Stengel
66.8%
1956Casey Stengel
66.8%
1958Casey Stengel
66.8%
2015Ned Yost
65.1%
1992Cito Gaston
62.2%
1993Cito Gaston
62.2%
2017A.J. Hinch
60.6%
1986Davey Johnson
60.4%
2013John Farrell
60.3%
1997Jim Leyland
58.4%
2002Mike Scioscia
55.7%
1910Connie Mack
53.9%
Year Manager % Correct
1911Connie Mack
53.9%
1913Connie Mack
53.9%
1929Connie Mack
53.9%
1930Connie Mack
53.9%
1970Earl Weaver
53.2%
2001Bob Brenly
49.5%
1987Tom Kelly
49.4%
1991Tom Kelly
49.4%
2011Tony La Russa
48.9%
1990Lou Piniella
48.8%
1972Dick Williams
48.6%
1973Dick Williams
48.6%
2010Bruce Bochy
47.8%
1982Whitey Herzog
46.8%
2003Jack McKeon
45.8%
1905John McGraw
44.8%
1921John McGraw
44.8%
1922John McGraw
44.8%
1932Joe McCarthy
41.6%
1936Joe McCarthy
41.6%
1937Joe McCarthy
41.6%
1938Joe McCarthy
41.6%
1939Joe McCarthy
41.6%
1941Joe McCarthy
41.6%
1943Joe McCarthy
41.6%
1955Walter Alston
38.9%
1959Walter Alston
38.9%
1963Walter Alston
38.9%
1965Walter Alston
38.9%
1968Mayo Smith
38.3%
1980Dallas Green
37%
1923Miller Huggins
35%
1927Miller Huggins
35%
1928Miller Huggins
35%
1978Bob Lemon
34.4%
1961Ralph Houk
33.3%
1962Ralph Houk
33.3%
1985Dick Howser
32.7%
1954Leo Durocher
32.1%
Year Manager % Correct
1969Gil Hodges
31.6%
1979Chuck Tanner
28.2%
1906Fielder Jones
25.4%
1960Danny Murtaugh
24.3%
1971Danny Murtaugh
24.3%
1974Alvin Dark
22.3%
1967Red Schoendienst
22.2%
1948Lou Boudreau
21.9%
1983Joe Altobelli
21.8%
1926Rogers Hornsby
21.7%
1907Frank Chance
21.5%
1908Frank Chance
21.5%
1924Bucky Harris
17.7%
1947Bucky Harris
17.7%
1934Frank Frisch
15.8%
1964Johnny Keane
15.4%
1966Hank Bauer
14.8%
1920Tris Speaker
14.6%
1933Bill Terry
14.4%
1903Jimmy Collins
13.1%
1935Mickey Cochrane
12.5%
1942Billy Southworth
11.8%
1944Billy Southworth
11.8%
1909Fred Clarke
11.3%
1925Bill McKechnie
11.2%
1940Bill McKechnie
11.2%
1957Fred Haney
9.5%
1915Bill Carrigan
7.8%
1916Bill Carrigan
7.8%
1918Ed Barrow
7.3%
1945Steve O’Neill
7.2%
1914George Stallings
7.1%
1917Pants Rowland
6.8%
1912Jake Stahl
6.5%
1931Gabby Street
6.4%
1919Pat Moran
6.2%
1946Eddie Dyer
6%
Come Together.
Have Fun.
All Virtual.
We all need to come together. Play Sporcle's virtual live trivia to have fun, connect with people, and get your trivia on. Join a live hosted trivia game for your favorite pub trivia experience done virtually. If a virtual private party is more your thing, go here for details.

You're not logged in!

Compare scores with friends on all Sporcle quizzes.
OR
Log In

Sporcle TV

Today on Sporcle TV


Watch our educational content, quiz creation guides, and fun videos on Sporcle TV.

Show Comments

Extras

Top Quizzes Today


Score Distribution

Paid Content

Your Account Isn't Verified!

In order to create a playlist on Sporcle, you need to verify the email address you used during registration. Go to your Sporcle Settings to finish the process.

Report this User

Report this user for behavior that violates our Community Guidelines.

Details: